|
|
|
|
| LEADER |
01046nam a2200241 a 4500 |
| 008 |
091026s2004 ii 001 0 eng d |
| 040 |
|
|
|a DLC
|c DLC
|d DLC
|
| 082 |
0 |
0 |
|a 346.5404/38/0269
|2 22
|
| 100 |
1 |
|
|a Gopal, Shiva.
|
| 240 |
1 |
0 |
|a Conveyancing, precedents, and forms
|
| 245 |
1 |
0 |
|a Shiva Gopal's Conveyancing, precedents, and forms.
|
| 250 |
|
|
|a 6th rev. and enl. ed. /
|b G.C. Mathur.
|
| 260 |
|
|
|a Lucknow :
|b Eastern Book Co.,
|c 2004.
|
| 300 |
|
|
|a xxx, 648 p. ;
|c 25 cm.
|
| 504 |
|
|
|a Includes index.
|
| 541 |
1 |
|
|e 00012562
|
| 650 |
|
0 |
|a Conveyancing
|z India
|x Forms.
|
| 650 |
|
0 |
|a Conveyancing
|z India.
|
| 700 |
1 |
|
|a Mathur, G. C.
|
| 852 |
4 |
|
|a Ayesha Abed Library
|j General shelf
|
| 999 |
|
|
|c 8203
|d 8203
|
| 952 |
|
|
|0 0
|1 0
|2 ddc
|4 0
|6 346_540438026900000_SHI
|7 0
|9 9380
|a BRACUL
|b BRACUL
|c GEN
|d 2010-04-22
|g 592.00
|l 9
|m 79
|o 346.5404380269 SHI
|p 3010012562
|r 2026-03-29
|s 2025-09-16
|t 1
|w 2010-04-22
|y BK
|
| 952 |
|
|
|0 0
|1 0
|2 ddc
|4 0
|6 346_540400000000000_38_0269_SHI_2004
|7 0
|9 62228
|a BRACUL
|b BRACUL
|c AV
|d 2010-04-22
|l 0
|o 346.5404380269 SHI
|p 4010012562
|r 2017-12-07
|t 1
|w 2010-04-22
|y AV
|